Loading...
| Fine Arts - Classical Music | 5 | 10.00 | 2,000% | 160% | 360% |
| Fine Arts - Other | 4 | 10.00 | 2,425% | 200% | 200% |
| Fine Arts - Painting & Sculpture | 2 | 15.00 | 5,000% | 0% | 300% |
| History - American | 3 | 20.00 | 0% | 867% | 867% |
| History - European | 4 | 12.50 | 2,025% | 575% | 200% |
| History - Other | 5 | 10.00 | 2,340% | 180% | 360% |
| History - World | 4 | 10.00 | 2,425% | 300% | 0% |
| Literature - American | 4 | 10.00 | 0% | 200% | 625% |
| Literature - British | 3 | 10.00 | 2,700% | 0% | 433% |
| Literature - European | 6 | 16.67 | 4,033% | 583% | 217% |
| Literature - World | 3 | 10.00 | 5,400% | 0% | 267% |
| Mythology | 3 | 13.33 | 4,833% | 267% | 300% |
| Other | 5 | 8.00 | 3,240% | 340% | 0% |
| Philosophy | 3 | 10.00 | 3,900% | 0% | 200% |
| Religion | 3 | 6.67 | 0% | 333% | 0% |
| Science - Biology | 3 | 16.67 | 533% | 433% | 600% |
| Science - Chemistry | 3 | 16.67 | 2,700% | 867% | 267% |
| Science - Other | 5 | 12.00 | 0% | 580% | 360% |
| Science - Physics | 5 | 10.00 | 4,840% | 0% | 180% |
| Social Science | 5 | 14.00 | 3,560% | 600% | 0% |